000 00758nam a22002177a 4500
003 UA-OsUOA
001 109245
007 ta
008 20141209b un ||||| |||| 00| 0 ukr d
100 _aПогорельская С. В.
090 _a32
_bП43
942 _cSA
040 _aUA-OsUOA
_brus
_cUA-OsUOA
_dUA-OsUOA
245 _aЕвропейская интеграция как фактор трансформацыии нацмональных партийно-политических систем: пример Германии
300 _aС.51-59
955 _a0
041 _arus
080 _a32
773 0 _w109244
_tЧелове. Сообщество. Управление
_dКраснодар
_d2014
_g3
650 7 _a32 Політика
_2UDC
999 _c395829
_d395829